Statistics for Most Global German-speaking cities in the world

Click here to take the quiz!

General Stats

  • This quiz has been taken 824 times
    (128 since last reset)
  • The average score is 14 of 18

Answer Stats

CategoryCity% Correct
BetaBerlin
100%
Alpha-Munich
98%
Beta+Hamburg
96%
AlphaFrankfurt
95%
Beta-Stuttgart
93%
Gamma-Cologne
91%
Beta+Dusseldorf
90%
Alpha-Vienna
88%
AlphaZurich
85%
SufficiencyDresden
82%
SufficiencyLeipzig
76%
SufficiencyHanover
73%
SufficiencyBremen
72%
SufficiencyDortmund
68%
SufficiencyNuremberg
62%
SufficiencyBasel
57%
SufficiencyGraz
51%
SufficiencyLinz
45%

Score Distribution

Percentile by Number Answered

Percent of People with Each Score

Your Score History

You have not taken this quiz since the last reset